| 000 | 01141nam a2200265 a 4500 | ||
|---|---|---|---|
| 001 | 85294 | ||
| 003 | BD-RjUL | ||
| 005 | 20250723123621.0 | ||
| 008 | 250723s2025 bg ||||| |||| 00| 0 ben d | ||
| 020 |
_a9789849909149 : _c600.00 |
||
| 035 | _a(BD-RjUL)85294 | ||
| 040 |
_aBD-RjUL _beng _cBD-RjUL |
||
| 041 | _aben | ||
| 082 |
_223 _a371.81095492 _bKHC 2025 |
||
| 100 |
_aখান, সাহাদত হোসেন _916221 |
||
| 245 |
_aচব্বিশের গণঅভ্যুত্থান / _cসাহাদত হোসেন খান |
||
| 260 |
_aঢাকা : _bআফসার ব্রাদার্স, _c২০২৫ |
||
| 300 |
_a৪৪৭ পৃ.; _c২২ সেমি. |
||
| 650 |
_aছাত্র আন্দোলন _yজুলাই, ২০২৪ _zবাংলাদেশ |
||
| 650 |
_aStudent movements _yJuly, 2024 _zBangladesh _916131 |
||
| 650 |
_a গণঅভ্যুত্থান _yজুলাই, ২০২৪ _zবাংলাদেশ _916222 |
||
| 650 |
_aMass uprising _yJuly, 2024 _zBangladesh _916127 |
||
| 650 |
_aPolitical Conditions _zBangladesh _916223 |
||
| 942 |
_2ddc _cBK |
||
| 999 |
_c85294 _d85294 |
||